000 00281nam a2200085Ia 4500
008 220120s9999||||xx |||||||||||||| ||und||
100 _aAnwesha sircar and Ashwin Raghavan
_912187
245 0 _aVoice based wireless touch screen
260 _aCoorg Institute of Technology
_bPonnampet
_c2009
999 _c137773
_d137773